Genes, evolución y herencia

Сохранить в:
Библиографические подробности
Главный автор: Martos, José Angel (autor)
Формат:
Язык:испанский
Опубликовано: Barcelona Instituto Monsa de Ediciones 1997
Серии:Comprender la naturaleza
Предметы:
Метки: Добавить метку
Нет меток, Требуется 1-ая метка записи!

MARC

LEADER 00000nam a2200000 a 4500
001 UCH6151
003 CL-VaPUC
008 091109e19970000SP |||||||||||||||||spa|d
020 |a 8486426731 
082 0 4 |a 575.1  |b MAR  |2 21 
100 |a Martos, José Angel  |e autor  |9 542545 
245 1 0 |a Genes, evolución y herencia 
300 |a 46 p 
942 |c BK 
945 |d 20091109 00:00:00  |a ccalabra 
260 |a Barcelona  |b Instituto Monsa de Ediciones  |c 1997 
650 0 |a Biología  |9 262022 
650 0 |a Ciencias naturales  |9 260542 
650 0 |a Genética  |9 259443 
650 0 |a Ingeniería genética  |9 263020 
650 0 |a Ácido desoxirribonucleico (ADN)  |9 361158 
650 0 |a Moléculas   |9 259584 
650 0 |a Ciencias de la vida  |9 314137 
583 |a last modification  |c 20091109 00:00:00  |k Rodrigo Vera 
490 0 |a Comprender la naturaleza 
999 |c 337102  |d 337100